Electrónica digital (Registro nro. 9742)

Detalles MARC
000 -Cabecera
Campo de control de longitud fija 00780nam a22002897a 4500
005 - Fecha y hora de la última transacción
Campo de control 20230913092755.0
008 - Elementos de longitud fija--Información general
Campo de control de longitud fija 170817b2013 xxu||||| |||| 00| 0 spa d
020 ## - International Standard Book Number
Número Internacional Estándar del Libro (ISBN) 9788429134537
041 ## - Idioma
Código de idioma Español
082 ## - Clasificación Decimal Dewey
Número de clasificación 621.381.952 T646e
100 ## - Entrada principal--Autor personal
Nombre personal Tokheim, Roger
9 (RLIN) 34568
245 ## - Título propiamente dicho
Título Electrónica digital
260 ## - Pie de imprenta
Lugar de publicación, distribución, etc. España
260 ## - Pie de imprenta
Nombre del editor, distribuidor, etc. Editorial Reverté
260 ## - Pie de imprenta
Fecha de publicación, distribución, etc. 2013
650 ## - Materia general
Temática (materia general) ELECTRÓNICA DIGITAL
650 ## - Materia general
Temática (materia general) SISTEMAS NUMÉRICOS
650 ## - Materia general
Temática (materia general) PUERTOS LÓGICOS
650 ## - Materia general
Temática (materia general) CODIFICACIÓN
650 ## - Materia general
Temática (materia general) CONTADORES
650 ## - Materia general
Temática (materia general) CIRCUITOS ARITMÉTICOS
650 ## - Materia general
Temática (materia general) MEMORIA
650 ## - Materia general
Temática (materia general) SISTEMAS DIGITALES
650 ## - Materia general
Temática (materia general) CONEXIÓN CON DISPOSITIVOS ANALÓGICOS
942 ## - Punto de acceso adicional KOHA
Tipo de ítem KOHA Libro
Fuente del sistema de clasificación o colocación Dewey Decimal Classification
Existencias
Signatura completa Código de barras Programa Académico Tipo de ítem
621.381.952 T646e 22548 Electrónica Libro